000 00528nam a22001697a 4500
005 20251108174818.0
008 250721s2008 xx 000 0 ara d
082 1 4 _a891.4/أشه
100 1 _aعبد الغفار، حسن
245 1 0 _aأشهر الملاحم الهندية المهابهاراتا والرمايانا /
264 1 _aالجيزة :
_bدار مشارق للنشر،
_c2008.
300 _a218ص.
650 1 7 _aالأدب الهندي
650 1 7 _aالملاحم
942 _2ddc
_cBK
999 _c118694
_d118694